1669 1241 1100 1646 1581 1660 1244 1061 1510 1215 1330 1072 1163 1510 1624 1764 1387 1067 1294 1418 1993 1339 1267 1443 1555 1087 1681 1063 1641 1106 1368 1558 1876 1242 1339 1044 1739 1568 1785 1784 1668 1225 1032 1193 1863 1939 1169 1985 1122 1215 1889 1793 1644 1633 1370 1770 1288 1388 1284 1995 1881 1377 1430 1095 1589 1012 1570 1104 1165 1644 1154 1574 1409 1764 1543 1841 1692 1473 1579 1673 1879 1646 1491 1664 1488 1191 1721 1085 1727 1824 1608 1692 1881 1421 1733 1629 1780 1060 1025 BCNSPRNW ULIB Ver.6.0+V

เปลี่ยนเป็นภาษาไทย

Change to English
 แสดงรายละเอียดบรรณานุกรม
  กลับหน้าหลัก

Brief Record : Get Marc (ISO 2709) : E-mail record : QR code < ปิดหน้าต่าง
LEADER : 00000nam 2200000uu 4500
001    13399121075
003     ULIB
008    120321s2552||||th 000 0 tha d
020    ^a9786110000130
090    ^aนว.^bอ991ม
100 0  ^aไอศิยา
245 00 ^aมนตราอธิฐาน/^cไอศิยา
250    ^aพิมพ์ครั้งที่ 1
260    ^aกรุงเทพฯ :^bพิมพ์คำ,^c2552
300    ^a264 หน้า
710 1  ^aพิมพ์คำ
945    ^p170^l0^i15910
995    ^aกัณชพร
999    ^aใช้งานได้ทุกระบบ
รายการนี้ยังไม่มีแท็ก
คุณยังไม่ได้ล็อกอิน คุณสามารถมีกิจกรรมร่วมกับเว็บไซต์ได้ แต่ต้องล็อกอินก่อน ::
  ล็อกอิน

รายการสื่อสารสนเทศ

ลำดับที่ ประเภท เลขเรียก/บาร์โค้ด สถานที่ สถานะ
1. นวนิยาย
นวนิยาย
นว. อ991ม  
  Barcode: 15910
ห้องสมุดวิทยาเขตสวรรค์ประชารักษ์
►นวนิยาย
บนชั้น
  ขอยืม

รายการใกล้เคียง
    ผู้แต่ง [ไอศิยา]

BibComment


ยังไม่เคยถูกคอมเมนท์

คอมเมนท์ทรัพยากรรายการนี้
  คอมเมนท์: มนตราอธิฐาน ไอศิยา


 Copyright 2026. Bcnsprnw @Library